Nespútaná túžba

Bibliographic Details
Main Author: Garwood, Julie, 1946- (Author)
Other Authors: Roľko, Patrik, 1974- (Translator)
Format: Book
Language:Slovak
English
PhysicalDescription:246 s. viaz.
Published: Bratislava Ikar 2000
ISBN:8071188212
Edition:1. vyd.
Subjects:

MARC

LEADER 00000nam a2200000 a 4500
001 vtls008747906
003 SK-MaSNL
005 20260301021822.0
008 240314s2000 xo slo
020 |a 8071188212  |q (viaz.) 
035 |a POKPOH41301 
035 |a urn:nbn:sk:snk-amkdkp 
035 |a urn:nbn:sk:snk-am003b2k 
035 |a E3F4D2D9-A60E-477E-A2A5-38B2D9A9B016 
040 |a SNK  |b slo  |c SNK  |e AACR2 
041 1 |a slo  |h eng 
044 |a xo  |c SK 
080 |a 820-31  |2 1981 
100 1 |a Garwood, Julie,  |d 1946-  |4 aut  |9 119720 
245 1 0 |a Nespútaná túžba  |c Julie Garwood ; [z anglického originálu prel. Patrik Roľko] 
250 |a 1. vyd. 
260 |a Bratislava  |b Ikar  |c 2000 
300 |a 246 s. viaz. 
650 0 7 |a americká literatúra  |2 POKPOH  |9 1170 
655 7 |a ľúbostné romány  |2 POKPOH  |9 70497 
700 1 |a Roľko, Patrik,  |d 1974-  |4 trl  |9 256528 
919 |a 80-7118-821-2 
999 |c 566173  |d 568103 
952 |t P60, <03>, [BOOK], {603}  |a SNK  |b SNK  |y PREZ  |7 0  |p 17A0234192  |o snkSC 101213  |i snkKSP 3462/2000  |0 0  |1 0  |4 0  |d 2000-03-29  |f 1  |l 0  |r 2025-09-19 00:00:00  |w 2026-02-23 
952 |t P60, <05>, [BOOK], {605}  |a SNK  |b SNK  |y PREZ  |7 0  |p 17A0234193  |o snkSC 101213 D1  |i snkKSP 3463/2000  |0 0  |1 0  |4 0  |d 2000-03-29  |l 0  |r 2005-01-02 00:00:00  |w 2026-02-23